The interaction between learning style preferences and learning style practices among students of a vocational college in the Mekong Delta Luận văn Thạc sĩ nghành Lí luận và Phương pháp dạy học bộ môn Tiếng Anh

This research aimed at exploring cognitive learning styles preferred by students in the two different academic major fields in learning English as a foreign language. This paper also reported on a comparison of students’ learning style preferences with their learning style practices.

Gespeichert in:
Bibliographische Detailangaben
1. Verfasser: Nguyễn, Xuân Thắm
Format: Buch
Sprache:Undetermined
Veröffentlicht: Cần Thơ Đại học Cần Thơ 2011
Schlagworte:
Tags: Tag hinzufügen
Keine Tags, Fügen Sie den ersten Tag hinzu!
Thư viện lưu trữ: Trung tâm Học liệu Trường Đại học Cần Thơ
LEADER 01167nam a2200217Ia 4500
001 CTU_171299
008 210402s9999 xx 000 0 und d
082 |a 371.30281 
082 |b Th114 
088 |a 60140111 
100 |a Nguyễn, Xuân Thắm 
245 4 |a The interaction between learning style preferences and learning style practices among students of a vocational college in the Mekong Delta 
245 0 |b Luận văn Thạc sĩ nghành Lí luận và Phương pháp dạy học bộ môn Tiếng Anh 
245 0 |c Nguyễn Xuân Thắm ; Bùi Minh Châu (Cán bộ hướng dẫn) 
260 |a Cần Thơ 
260 |b Đại học Cần Thơ 
260 |c 2011 
520 |a This research aimed at exploring cognitive learning styles preferred by students in the two different academic major fields in learning English as a foreign language. This paper also reported on a comparison of students’ learning style preferences with their learning style practices. 
650 |a Learning style,Phong cách học thuật 
904 |i ngọc anh 
980 |a Trung tâm Học liệu Trường Đại học Cần Thơ